Direito municipal em debate / (Record no. 105)

MARC details
000 -LÍDER
Campo Fixo de Controle 02429cam a2200325 a 4500
001 - NÚMERO DE CONTROLE
Campo de Controle 105
003 - IDENTIFICAÇÃO DO NÚMERO DE CONTROLE
Campo de Controle BR-CuiBMT
005 - DATA E HORA DA ÚLTIMA ATUALIZAÇÃO
Campo de Controle 20231113220101.0
008 - DADOS FIXOS
Dados Fixos 230815s2022 mgba 000 0 por d
020 ## - INTERNATIONAL STANDARD BOOK NUMBER
Nº do ISBN 9788577001507 (v. 1)
020 ## - INTERNATIONAL STANDARD BOOK NUMBER
Nº do ISBN 9788545000303 (v. 2)
020 ## - INTERNATIONAL STANDARD BOOK NUMBER
Nº do ISBN 9786555184068 (v. 6)
040 ## - AGÊNCIA CATALOGADORA
Código da Agência Catalogadora BR-CuiBMT
Agência que transcreveu o registro BR-CuiBMT
080 ## - Nº DA CLASSIFICAÇÃO DECIMAL UNIVERSAL
Nº edição CDU 2007
Nº Class. CDU 352:34
090 ## - NÚMERO DE CHAMADA
Nº classificação 352:34
Cutter D598
245 10 - TÍTULO PRINCIPAL
Título principal Direito municipal em debate /
Indicação de responsabilidade [coordenadores-gerais: Eduardo de Souza Floriano, Taisa Cintra Dosso] ; [autores: Andrea Techmann Vizzotto ... et al.].
260 ## - PUBLICAÇÃO, DISTRIBUIÇÃO, ETC.
Local de publicação Belo Horizonte :
Editora Fórum,
Data 2008-2023.
300 ## - DESCRIÇÃO FÍSICA
N. páginas ou volumes 7 v. :
Ilustrações il. ;
Dimensões 22 cm
500 ## - NOTAS GERAIS
Notas gerais Vários autores.
504 ## - NOTA DE BIBLIOGRAFIA, ETC.
Nota de bibliografia Inclui bibliografia.
505 0# - NOTA DE CONTEÚDO
Nota de conteúdo Conteúdo completo: v. 1. Direito municipal em debate / Arlindo Daibert ... [et al.] (organizadores) ; prefácio Ricardo César Pereira Lira ; [autores Andrea Teichmann Vizzotto ... et al.] -- v. 2. Direito municipal em debate / Cristiane da Costa Nery, Geórgia Teixeira Jezler Campello, coordenadoras ; Odete Medauar, prefácio ; [autores Ana Luísa Soares de Carvalho ... et al.] -- v. 3. Direito municipal em debate / Bruno Santos Cunha, Cristiane da Costa Nery, Geórgia Teixeira Jezler Campello, coordenadores ; prefácio Carlos Ari Sundfeld ; [autores Eduardo Amin Menezes Hassan ... et al.] -- v. 4. Direito municipal em debate / Eduardo de Souza Floriano, coordenador ; prefácio Cristiano Reis Giuliani ; [autores Thiago Queiroz Carneiro ... et al.] -- v. 5. Direito municipal em debate / Eduardo de Souza Floriano, coordenador-geral ; Bruno Santos Cunha, Gustavo Machado Tavares, coordenadores -- v. 6. Direito municipal em debate / Taisa Cintra Dosso, coordenadora-geral ; Gustavo Machado Tavares, Thiago Viola Pereira da Silva coordenadores ; prefácio Irene Patrícia Nohara ; [autores Alexsandro Rahbani Aragão Feijó ... et al.] -- v. 7. Direito municipal em debate / Taisa Cintra Dosso, Gustavo Machado Tavares, Thiago Viola Pereira da Silva, coordenadores ; prefácio Gustavo Justino de Oliveira.
590 ## - NOTA LOCAL
Campo de ligação e número de sequência A biblioteca possui apenas os volumes 1, 2 e 6.
650 ## - ASSUNTO TÓPICO
Cabeçalho tópico ou nome geográfico Direito municipal
650 ## - ASSUNTO TÓPICO
Cabeçalho tópico ou nome geográfico Administração pública
Subdivisão geral Municípios
-- Aspectos jurídicos
650 ## - ASSUNTO TÓPICO
Cabeçalho tópico ou nome geográfico Direito público
Subdivisão geográfica Brasil
700 1# - ENTRADA SECUNDÁRIA -- NOME PESSOAL
Nome pessoal Dosso, Taisa Cintra
Cód. do termo explicativo coord.
700 1# - ENTRADA SECUNDÁRIA -- NOME PESSOAL
Nome pessoal Floriano, Eduardo de Souza
Cód. do termo explicativo coord.
700 1# - ENTRADA SECUNDÁRIA -- NOME PESSOAL
Nome pessoal Vizzotto, Andrea Techmann
Termo de relação et al.
-- autores
942 ## - ELEMENTOS DE ENTRADA ADICIONAIS (KOHA)
Fonte de classificação ou esquema de arquivamento Classificação Decimal Universal
Tipo de item do Koha Livros
Holdings
Estado: removido Estado: perdido Fonte de classificação ou esquema de arquivamento Estado: danificado Indisponível para empréstimo Localização permanente Localização atual Data de aquisição Numeração serial ou cronológica (Volume) Total Checkouts Número de Chamada completo Código de barras Date last seen Número do exemplar Preço efetivo a partir de Tipo de item (Koha)
    Classificação Decimal Universal     Biblioteca da Escola Superior de Contas do TCE/MT Biblioteca da Escola Superior de Contas do TCE/MT 28/06/2023 v. 6   352:34 D598 BIBTCEMT23080082 15/08/2023 Ex. 1 15/08/2023 Livros
    Classificação Decimal Universal     Biblioteca da Escola Superior de Contas do TCE/MT Biblioteca da Escola Superior de Contas do TCE/MT 14/08/2019 v. 1   352:34 D598 BIBTCEMT23110095 03/11/2023 Ex. 1 03/11/2023 Livros
    Classificação Decimal Universal     Biblioteca da Escola Superior de Contas do TCE/MT Biblioteca da Escola Superior de Contas do TCE/MT 14/08/2019 v. 1   352:34 D598 BIBTCEMT23110094 03/11/2023 Ex. 2 03/11/2023 Livros
    Classificação Decimal Universal     Biblioteca da Escola Superior de Contas do TCE/MT Biblioteca da Escola Superior de Contas do TCE/MT 01/08/2019 v. 2   352:34 D598 BIBTCEMT23110333 09/11/2023 Ex. 1 09/11/2023 Livros
    Classificação Decimal Universal     Biblioteca da Escola Superior de Contas do TCE/MT Biblioteca da Escola Superior de Contas do TCE/MT 01/08/2019 v. 2   352:34 D598 BIBTCEMT23110334 09/11/2023 Ex. 2 09/11/2023 Livros

Powered by Koha